Metóda rýchleho pretypovania SMED ako nástroj znižovania nákladov

Malé a veľké firmy a ich snaha o zachovanie ziskovosti znižovaním nákladov. Štandardným postupom takýchto opatrení je prepúšťanie, znižovanie objemu výroby alebo obmedzovanie produkcie. Alternatívou takýchto opatrení pre podniky je implementácia inovatívnych konceptov zmien. Jednou z nich je aj štíh...

Description complète

Enregistré dans:
Détails bibliographiques
Auteur principal: Kopták, Michal
Format: Chapitre de livre
Langue:slovaque
Sujets:
Tags: Ajouter un tag
Pas de tags, Soyez le premier à ajouter un tag!

MARC

LEADER 00000nla a2200000 4500
001 0195484
005 20240503093154.2
041 0 |a slo 
044 |a SK 
245 1 0 |a Metóda rýchleho pretypovania SMED ako nástroj znižovania nákladov  |c Michal Kopták 
520 |a Malé a veľké firmy a ich snaha o zachovanie ziskovosti znižovaním nákladov. Štandardným postupom takýchto opatrení je prepúšťanie, znižovanie objemu výroby alebo obmedzovanie produkcie. Alternatívou takýchto opatrení pre podniky je implementácia inovatívnych konceptov zmien. Jednou z nich je aj štíhla výroba, ktorej obsahom je aj metóda rýchleho pretypovania SMED (ang. Single-Minute Exchange of Dies). 
610 2 0 |a firmy 
610 2 0 |a znižovanie nákladov 
610 2 0 |a produktivita 
610 2 0 |a metódy 
610 2 0 |a výroba štíhla 
100 1 |a Kopták, Michal